<?xml version="1.0" encoding="UTF-8"?>
<record
    xmlns:xsi="http://www.w3.org/2001/XMLSchema-instance"
    xsi:schemaLocation="http://www.loc.gov/MARC21/slim http://www.loc.gov/standards/marcxml/schema/MARC21slim.xsd"
    xmlns="http://www.loc.gov/MARC21/slim">

  <leader>00330    a2200133   4500</leader>
  <controlfield tag="005">20260323131810.0</controlfield>
  <datafield tag="020" ind1=" " ind2=" ">
    <subfield code="a">9788119343454</subfield>
  </datafield>
  <datafield tag="084" ind1=" " ind2=" ">
    <subfield code="2">CC</subfield>
    <subfield code="a"> Y5920t7.2  </subfield>
  </datafield>
  <datafield tag="100" ind1=" " ind2=" ">
    <subfield code="a">ASHOK KUMAR (Y)	</subfield>
    <subfield code="9">9919</subfield>
  </datafield>
  <datafield tag="245" ind1=" " ind2=" ">
    <subfield code="a">Dalit and Indian caste system</subfield>
  </datafield>
  <datafield tag="260" ind1=" " ind2=" ">
    <subfield code="b">ABD Publishers,</subfield>
    <subfield code="c">2025,	</subfield>
    <subfield code="a">New Delhi</subfield>
  </datafield>
  <datafield tag="300" ind1=" " ind2=" ">
    <subfield code="a">272p.</subfield>
  </datafield>
  <datafield tag="942" ind1=" " ind2=" ">
    <subfield code="c">BK</subfield>
    <subfield code="2">CC</subfield>
  </datafield>
  <datafield tag="999" ind1=" " ind2=" ">
    <subfield code="c">756150</subfield>
    <subfield code="d">756150</subfield>
  </datafield>
  <datafield tag="952" ind1=" " ind2=" ">
    <subfield code="0">0</subfield>
    <subfield code="1">0</subfield>
    <subfield code="2">CC</subfield>
    <subfield code="4">0</subfield>
    <subfield code="7">0</subfield>
    <subfield code="a">LIB</subfield>
    <subfield code="b">LIB</subfield>
    <subfield code="c">GEN</subfield>
    <subfield code="d">2026-02-18</subfield>
    <subfield code="e">3</subfield>
    <subfield code="g">1496.25</subfield>
    <subfield code="l">3</subfield>
    <subfield code="o"> Y5920t7.2  R5</subfield>
    <subfield code="p">326133</subfield>
    <subfield code="r">2026-05-29 10:38:19</subfield>
    <subfield code="s">2026-04-28</subfield>
    <subfield code="v">1995.00</subfield>
    <subfield code="w">2026-02-18</subfield>
    <subfield code="y">GEN</subfield>
  </datafield>
</record>
